| 000 | 01123nam a22002417a 4500 | ||
|---|---|---|---|
| 008 | 100616t xxu||||| |||| 00| 0 eng d | ||
| 082 |
_222 _a658.8 _bع ط ي |
||
| 100 |
_913672 _aعطيه، طاهر مرسى |
||
| 245 |
_aأساسيات التسويق الحديث / _cطاهر مرسي عطيه |
||
| 260 |
_a[د.م] : _b[د.ن] ، _c2004 |
||
| 300 |
_a497 ص : _bصور ؛ _c23 سم |
||
| 500 | _aإهداء: د. سماء عطيه | ||
| 650 |
_914739 _aالتسويق |
||
| 650 |
_914738 _aالإعلان |
||
| 650 |
_914816 _aالاستهلاك |
||
| 650 |
_914820 _aالاستراتيجية التنافسية |
||
| 650 |
_914817 _aالأسعار |
||
| 650 |
_914818 _aالأسواق |
||
| 650 |
_914819 _aالمجمعات الاستهلاكية |
||
| 942 |
_2ddc _cBB |
||
| 999 |
_c14099 _d14099 |
||